000 00627nam a2200205 a 4500
005 20240912063854.0
008 160429s2000 ag r 000 0 spa d
020 _a9789876020534
035 _aUPN01000209940
049 _aI
050 4 _aPQ7798.33 A6.6
_bP3.4
100 1 _aWapner, David,
_d1958-
_934127
245 1 0 _aPajarraigos /
_cDavid Wapner ; il. Claudia Degliuomini.
260 _aCórdoba, Arg. :
_bComunicarte,
_b2007.
300 _a[27] p. :
_bil. col.
440 0 _aVaquita de San Antonio
650 4 _aCuentos infantiles argentinos
_97466
650 0 _aAnimales
_vCuentos y leyendas
_9234
905 _aInfantil
999 _c182041
_d182041